[Event "TeamRussiawomen"]
[Site "?"]
[Date "2016.10.05"]
[Round "1.1"]
[White "Bodnaruk, Anastasia"]
[Black "Afanasieva, Alexandra"]
[Result "1-0"]
[LiveChessVersion "1.4.4"]
[BlackElo "1843"]
[WhiteElo "2487"]

1. e4 {[%clk 0:15:20]} c6 {[%clk 0:15:20]} 2. d4 {[%clk 0:15:28]} d5
{[%clk 0:15:28]} 3. e5 {[%clk 0:15:37]} Bf5 {[%clk 0:15:37]} 4. Nf3
{[%clk 0:15:47]} e6 {[%clk 0:15:46]} 5. Be2 {[%clk 0:15:56]} Nd7 {[%clk 0:15:54]}
6. O-O {[%clk 0:16:04]} Ne7 {[%clk 0:16:02]} 7. Nh4 {[%clk 0:16:04]} Bg6
{[%clk 0:16:00]} 8. Nd2 {[%clk 0:16:09]} c5 {[%clk 0:15:57]} 9. c3
{[%clk 0:15:48]} Nc6 {[%clk 0:16:00]} 10. Nxg6 {[%clk 0:15:56]} hxg6
{[%clk 0:16:08]} 11. Nf3 {[%clk 0:16:03]} Be7 {[%clk 0:16:07]} 12. g3
{[%clk 0:16:02]} Rc8 {[%clk 0:16:02]} 13. Be3 {[%clk 0:15:44]} Qb6
{[%clk 0:15:39]} 14. b3 {[%clk 0:15:24]} cxd4 {[%clk 0:15:22]} 15. cxd4
{[%clk 0:14:56]} O-O {[%clk 0:15:15]} 16. Bd3 {[%clk 0:14:12]} Nb4
{[%clk 0:14:16]} 17. Bb1 {[%clk 0:14:20]} Qc7 {[%clk 0:10:59]} 18. Bg5
{[%clk 0:10:15]} Bxg5 {[%clk 0:10:15]} 19. Nxg5 {[%clk 0:10:24]} Rfe8
{[%clk 0:05:14]} 20. a3 {[%clk 0:09:22]} Nc6 {[%clk 0:05:00]} 21. Ra2
{[%clk 0:08:25]} Qd8 {[%clk 0:03:42]} 22. h4 {[%clk 0:08:19]} Nf8
{[%clk 0:02:58]} 23. Rd2 {[%clk 0:07:39]} Qa5 {[%clk 0:02:23]} 24. h5
{[%clk 0:05:58]} Ne7 {[%clk 0:01:07]} 25. hxg6 {[%clk 0:05:21]} Nexg6
{[%clk 0:01:10]} 26. a4 {[%clk 0:04:07]} Qb4 {[%clk 0:00:50]} 27. Rd3
{[%clk 0:04:03]} Rc3 {[%clk 0:00:49]} 28. Qf3 {[%clk 0:04:06]} Rxd3
{[%clk 0:00:34]} 29. Qxf7+ {[%clk 0:03:59]} Kh8 {[%clk 0:00:43]} 30. Qxe8
{[%clk 0:03:25]} 1-0

[Event "TeamRussiawomen"]
[Site "?"]
[Date "2016.10.05"]
[Round "1.2"]
[White "Girshgorn, Maria"]
[Black "Ovod, Evgenija"]
[Result "1/2-1/2"]
[LiveChessVersion "1.4.4"]
[BlackElo "2243"]
[WhiteElo "1738"]

1. d4 {[%clk 0:15:18]} f5 {[%clk 0:15:19]} 2. c4 {[%clk 0:15:27]} Nf6
{[%clk 0:15:28]} 3. Nc3 {[%clk 0:15:36]} d6 {[%clk 0:15:36]} 4. Nf3
{[%clk 0:15:43]} g6 {[%clk 0:15:44]} 5. g3 {[%clk 0:15:51]} Bg7 {[%clk 0:15:53]}
6. Bg2 {[%clk 0:16:00]} O-O {[%clk 0:16:01]} 7. O-O {[%clk 0:16:09]} Qe8
{[%clk 0:16:10]} 8. d5 {[%clk 0:16:00]} Na6 {[%clk 0:16:16]} 9. Nd4
{[%clk 0:15:57]} Bd7 {[%clk 0:14:53]} 10. e4 {[%clk 0:15:40]} fxe4
{[%clk 0:14:57]} 11. Nxe4 {[%clk 0:15:47]} Nxe4 {[%clk 0:15:00]} 12. Bxe4
{[%clk 0:15:54]} Nc5 {[%clk 0:15:03]} 13. Bg2 {[%clk 0:15:57]} a5
{[%clk 0:15:07]} 14. Be3 {[%clk 0:15:55]} Qf7 {[%clk 0:10:57]} 15. Qe2
{[%clk 0:14:23]} Kh8 {[%clk 0:09:25]} 16. Rad1 {[%clk 0:12:55]} Rae8
{[%clk 0:09:29]} 17. b3 {[%clk 0:11:41]} Bc8 {[%clk 0:08:49]} 18. Nb5
{[%clk 0:10:54]} Na6 {[%clk 0:06:37]} 19. Bd4 {[%clk 0:10:18]} e5
{[%clk 0:06:43]} 20. dxe6 {[%clk 0:10:11]} Rxe6 {[%clk 0:06:39]} 21. Qb2
{[%clk 0:09:52]} Bxd4 {[%clk 0:05:24]} 22. Qxd4+ {[%clk 0:08:08]} Rf6
{[%clk 0:03:54]} 23. Nc3 {[%clk 0:07:21]} Qg7 {[%clk 0:04:01]} 24. Nd5
{[%clk 0:07:18]} R6f7 {[%clk 0:04:02]} 25. f4 {[%clk 0:05:25]} Nc5
{[%clk 0:04:00]} 26. Qxg7+ {[%clk 0:03:53]} Kxg7 {[%clk 0:04:09]} 27. Rde1
{[%clk 0:03:26]} Bf5 {[%clk 0:03:58]} 28. Re3 {[%clk 0:03:08]} b5
{[%clk 0:02:35]} 29. cxb5 {[%clk 0:02:07]} Bd3 {[%clk 0:02:44]} 30. Rfe1
{[%clk 0:02:13]} Bxb5 {[%clk 0:02:52]} 31. Re7 {[%clk 0:02:12]} c6
{[%clk 0:01:38]} 32. Nc3 {[%clk 0:02:08]} a4 {[%clk 0:00:33]} 33. bxa4
{[%clk 0:01:37]} Nxa4 {[%clk 0:00:40]} 34. Nxb5 {[%clk 0:01:41]} cxb5
{[%clk 0:00:47]} 35. Bc6 {[%clk 0:01:37]} Nc3 {[%clk 0:00:48]} 36. a3
{[%clk 0:01:30]} Rxe7 {[%clk 0:00:55]} 37. Rxe7+ {[%clk 0:01:38]} Rf7
{[%clk 0:01:04]} 38. Re3 {[%clk 0:01:39]} Na4 {[%clk 0:00:51]} 39. Bxb5
{[%clk 0:01:45]} Nc5 {[%clk 0:00:59]} 40. a4 {[%clk 0:01:34]} Ra7
{[%clk 0:01:06]} 41. Kg2 {[%clk 0:01:33]} Kf6 {[%clk 0:01:12]} 42. Kf3
{[%clk 0:01:40]} h5 {[%clk 0:01:13]} 43. Bc6 {[%clk 0:01:40]} Ke5
{[%clk 0:15:10]} 44. Ke4+ 1/2-1/2

[Event "TeamRussiawomen"]
[Site "?"]
[Date "2016.10.05"]
[Round "1.3"]
[White "Travkina, Anastasia"]
[Black "Vyrtosu, Natalia"]
[Result "1-0"]
[LiveChessVersion "1.4.4"]
[BlackElo "1640"]
[WhiteElo "2237"]

1. e4 {[%clk 0:15:19]} c6 {[%clk 0:15:17]} 2. d4 {[%clk 0:15:27]} d5
{[%clk 0:15:25]} 3. Nc3 {[%clk 0:15:35]} dxe4 {[%clk 0:15:28]} 4. Nxe4
{[%clk 0:15:43]} Nd7 {[%clk 0:15:29]} 5. Ng5 {[%clk 0:15:43]} Ngf6
{[%clk 0:15:04]} 6. Bd3 {[%clk 0:15:44]} e6 {[%clk 0:14:20]} 7. Qe2
{[%clk 0:15:02]} Bd6 {[%clk 0:13:27]} 8. N1f3 {[%clk 0:15:04]} h6
{[%clk 0:12:06]} 9. Ne4 {[%clk 0:15:08]} Nxe4 {[%clk 0:11:23]} 10. Qxe4
{[%clk 0:15:15]} Qe7 {[%clk 0:09:44]} 11. Bd2 {[%clk 0:13:10]} Nf6
{[%clk 0:08:50]} 12. Qe2 {[%clk 0:13:10]} c5 {[%clk 0:07:47]} 13. dxc5
{[%clk 0:10:21]} Bxc5 {[%clk 0:07:45]} 14. O-O {[%clk 0:10:23]} O-O
{[%clk 0:07:01]} 15. a3 {[%clk 0:07:30]} Bd7 {[%clk 0:04:31]} 16. b4
{[%clk 0:06:13]} Bb6 {[%clk 0:03:34]} 17. Ne5 {[%clk 0:05:28]} Rac8
{[%clk 0:02:50]} 18. Nxd7 {[%clk 0:03:54]} Qxd7 {[%clk 0:02:38]} 19. Bf4
{[%clk 0:03:22]} Bc7 {[%clk 0:02:00]} 20. Be3 {[%clk 0:02:53]} Nd5
{[%clk 0:00:56]} 21. Bd2 {[%clk 0:02:25]} Nf4 {[%clk 0:00:38]} 22. Bxf4
{[%clk 0:02:30]} Bxf4 {[%clk 0:00:46]} 23. Qe4 {[%clk 0:02:38]} f5
{[%clk 0:00:20]} 24. Qxf4 {[%clk 0:02:43]} 1-0

[Event "TeamRussiawomen"]
[Site "?"]
[Date "2016.10.05"]
[Round "1.4"]
[White "Bondareva, Daria"]
[Black "Belenkaya, Dina"]
[Result "1/2-1/2"]
[LiveChessVersion "1.4.4"]
[BlackElo "2172"]
[WhiteElo "1734"]

1. e4 {[%clk 0:15:20]} c6 {[%clk 0:15:19]} 2. d4 {[%clk 0:15:29]} d5
{[%clk 0:15:28]} 3. exd5 {[%clk 0:15:38]} cxd5 {[%clk 0:15:37]} 4. c4
{[%clk 0:15:47]} Nf6 {[%clk 0:15:36]} 5. Nc3 {[%clk 0:15:56]} e6 {[%clk 0:15:26]}
6. Nf3 {[%clk 0:16:04]} Be7 {[%clk 0:15:29]} 7. Bd3 {[%clk 0:16:13]} dxc4
{[%clk 0:15:31]} 8. Bxc4 {[%clk 0:16:21]} O-O {[%clk 0:15:35]} 9. O-O
{[%clk 0:16:29]} Nc6 {[%clk 0:15:31]} 10. Bb3 {[%clk 0:16:13]} Nb4
{[%clk 0:15:00]} 11. a3 {[%clk 0:16:13]} Nbd5 {[%clk 0:15:01]} 12. Qd3
{[%clk 0:15:29]} Bd7 {[%clk 0:14:50]} 13. Bc2 {[%clk 0:14:58]} g6
{[%clk 0:13:31]} 14. Ne5 {[%clk 0:14:01]} Rc8 {[%clk 0:13:30]} 15. Bh6
{[%clk 0:13:01]} Re8 {[%clk 0:13:38]} 16. Rac1 {[%clk 0:13:10]} a6
{[%clk 0:12:28]} 17. Bb3 {[%clk 0:08:09]} Nxc3 {[%clk 0:12:12]} 18. Rxc3
{[%clk 0:07:51]} Bb5 {[%clk 0:11:20]} 19. Rxc8 {[%clk 0:05:57]} Qxc8
{[%clk 0:11:24]} 20. Bc4 {[%clk 0:06:06]} Bxc4 {[%clk 0:11:22]} 21. Nxc4
{[%clk 0:06:15]} Rd8 {[%clk 0:10:12]} 22. Ne5 {[%clk 0:04:34]} Qc7
{[%clk 0:08:58]} 23. Rd1 {[%clk 0:02:12]} Qb6 {[%clk 0:08:32]} 24. Qc3
{[%clk 0:01:28]} Qb5 {[%clk 0:05:20]} 25. Nf3 {[%clk 0:01:08]} Nd5
{[%clk 0:05:13]} 26. Qc2 {[%clk 0:01:12]} Bf6 {[%clk 0:04:51]} 27. Be3
{[%clk 0:01:08]} Ne7 {[%clk 0:04:41]} 28. Rd3 {[%clk 0:00:18]} Nc6
{[%clk 0:04:35]} 29. Rb3 {[%clk 0:00:16]} Qa5 {[%clk 0:03:44]} 30. Rd3
{[%clk 0:00:14]} Nxd4 {[%clk 0:01:29]} 31. Bxd4 {[%clk 0:00:14]} Bxd4
{[%clk 0:01:16]} 32. h3 {[%clk 0:00:14]} e5 {[%clk 0:01:17]} 33. b4
{[%clk 0:00:15]} Qb6 {[%clk 0:01:12]} 34. Nxd4 {[%clk 0:00:23]} exd4
{[%clk 0:01:16]} 35. Qc4 {[%clk 0:00:26]} Qd6 {[%clk 0:01:19]} 36. Kf1
{[%clk 0:00:12]} Qe5 {[%clk 0:01:18]} 37. Qc2 {[%clk 0:00:18]} Re8
{[%clk 0:01:22]} 38. Kg1 {[%clk 0:00:27]} Qf4 {[%clk 0:01:22]} 39. Qd1
{[%clk 0:00:21]} Rd8 {[%clk 0:01:11]} 40. Qc2 {[%clk 0:00:26]} Kg7
{[%clk 0:01:05]} 41. Kf1 {[%clk 0:00:28]} Qh2 {[%clk 0:00:57]} 42. f3
{[%clk 0:00:16]} Re8 {[%clk 0:01:01]} 43. Kf2 {[%clk 0:00:23]} Qe5
{[%clk 0:00:54]} 44. Qd2 {[%clk 0:00:27]} Rd8 {[%clk 0:00:57]} 45. g3
{[%clk 0:00:22]} Qd5 {[%clk 0:01:02]} 46. Qc2 {[%clk 0:00:13]} h6
{[%clk 0:01:08]} 47. Qd2 {[%clk 0:00:18]} Kh7 {[%clk 0:01:15]} 48. g4
{[%clk 0:00:20]} Rd6 {[%clk 0:01:05]} 49. Kg3 {[%clk 0:00:19]} Rf6
{[%clk 0:01:04]} 50. f4 {[%clk 0:00:15]} Rd6 {[%clk 0:01:05]} 51. h4
{[%clk 0:00:21]} Qh1 {[%clk 0:01:06]} 52. Qf2 {[%clk 0:00:16]} Qe4
{[%clk 0:00:56]} 53. Qd2 {[%clk 0:00:20]} Rd5 {[%clk 0:00:43]} 54. Qd1
{[%clk 0:00:20]} h5 {[%clk 0:00:43]} 55. g5 {[%clk 0:00:18]} Rd6 {[%clk 0:00:47]}
56. Qd2 {[%clk 0:00:13]} Rd5 {[%clk 0:00:32]} 57. Qd1 {[%clk 0:00:18]} Rd7
{[%clk 0:00:38]} 58. Qd2 {[%clk 0:00:17]} Qd5 {[%clk 0:00:27]} 59. Qe2
{[%clk 0:00:19]} Qc4 {[%clk 0:00:27]} 60. Qe4 {[%clk 0:00:24]} Qc1
{[%clk 0:00:24]} 61. Qg2 {[%clk 0:00:13]} Re7 {[%clk 0:00:18]} 62. Qf2
{[%clk 0:00:16]} Re1 {[%clk 0:00:14]} 63. Qxd4 {[%clk 0:00:15]} Rg1+
{[%clk 0:00:18]} 64. Kf3 {[%clk 0:00:21]} Qf1+ {[%clk 0:00:24]} 65. Ke4
{[%clk 0:00:29]} Qe2+ {[%clk 0:00:14]} 66. Kd5 {[%clk 0:00:32]} Qe6+
{[%clk 0:00:23]} 1/2-1/2

[Event "TeamRussiawomen"]
[Site "?"]
[Date "2016.10.05"]
[Round "1.5"]
[White "Kovalevskaya, Ekaterina"]
[Black "Pogonina, Natalija"]
[Result "1/2-1/2"]
[LiveChessVersion "1.4.4"]
[BlackElo "2458"]
[WhiteElo "2359"]

1. e4 {[%clk 0:15:17]} e5 {[%clk 0:15:17]} 2. Nf3 {[%clk 0:15:25]} Nc6
{[%clk 0:15:26]} 3. Bc4 {[%clk 0:15:28]} Bc5 {[%clk 0:15:32]} 4. d3
{[%clk 0:15:31]} Nf6 {[%clk 0:15:35]} 5. Bg5 {[%clk 0:15:34]} Be7
{[%clk 0:15:14]} 6. O-O {[%clk 0:15:30]} O-O {[%clk 0:15:20]} 7. c3
{[%clk 0:13:46]} d6 {[%clk 0:15:05]} 8. h3 {[%clk 0:13:51]} Be6 {[%clk 0:14:45]}
9. Nbd2 {[%clk 0:13:24]} Qd7 {[%clk 0:14:10]} 10. Re1 {[%clk 0:13:13]} Nd8
{[%clk 0:13:11]} 11. d4 {[%clk 0:12:47]} exd4 {[%clk 0:13:16]} 12. Nxd4
{[%clk 0:10:49]} Bxc4 {[%clk 0:13:14]} 13. Nxc4 {[%clk 0:10:56]} Ne6
{[%clk 0:13:21]} 14. Bh4 {[%clk 0:06:56]} Nf4 {[%clk 0:10:20]} 15. Nf5
{[%clk 0:04:57]} Ng6 {[%clk 0:09:54]} 16. Bg3 {[%clk 0:03:51]} Bd8
{[%clk 0:08:58]} 17. Qf3 {[%clk 0:03:55]} Qc6 {[%clk 0:08:12]} 18. Na5
{[%clk 0:03:20]} Qb5 {[%clk 0:07:47]} 19. Nb3 {[%clk 0:03:26]} Ne5
{[%clk 0:07:42]} 20. Qe2 {[%clk 0:03:27]} Qxe2 {[%clk 0:07:20]} 21. Rxe2
{[%clk 0:03:35]} g6 {[%clk 0:07:24]} 22. Nfd4 {[%clk 0:03:28]} Nc4
{[%clk 0:07:21]} 23. Rae1 {[%clk 0:02:50]} Nh5 {[%clk 0:06:34]} 24. Bh2
{[%clk 0:02:58]} Bg5 {[%clk 0:06:39]} 25. Nf3 {[%clk 0:02:25]} Bf4
{[%clk 0:06:05]} 26. g3 {[%clk 0:02:32]} Bh6 {[%clk 0:06:13]} 27. Nbd4
{[%clk 0:02:36]} a6 {[%clk 0:05:57]} 28. e5 {[%clk 0:02:09]} dxe5
{[%clk 0:05:35]} 29. Nxe5 {[%clk 0:02:13]} Nxe5 {[%clk 0:05:40]} 30. Rxe5
{[%clk 0:02:22]} Rad8 {[%clk 0:05:48]} 31. Re7 {[%clk 0:02:22]} c5
{[%clk 0:05:54]} 32. Nb3 {[%clk 0:02:30]} c4 {[%clk 0:05:32]} 33. Nd4
{[%clk 0:02:32]} b5 {[%clk 0:05:38]} 34. Ra7 {[%clk 0:02:29]} Ra8
{[%clk 0:04:00]} 35. Rb7 {[%clk 0:01:53]} Rfe8 {[%clk 0:03:55]} 36. Rbe7
{[%clk 0:01:53]} Kf8 {[%clk 0:03:48]} 37. R7e2 {[%clk 0:01:53]} Rxe2
{[%clk 0:03:50]} 38. Rxe2 {[%clk 0:02:02]} Re8 {[%clk 0:03:59]} 39. Kf1
{[%clk 0:02:07]} Bc1 {[%clk 0:03:52]} 40. Rc2 {[%clk 0:02:00]} Bh6
{[%clk 0:03:58]} 41. Re2 {[%clk 0:02:02]} Bc1 {[%clk 0:03:23]} 42. Rc2
{[%clk 0:02:10]} Bh6 {[%clk 0:03:27]} 43. Re2 {[%clk 0:02:19]} Bc1
{[%clk 0:03:22]} 44. Rc2 {[%clk 0:02:27]} 1/2-1/2

[Event "TeamRussiawomen"]
[Site "?"]
[Date "2016.10.05"]
[Round "1.6"]
[White "Mkrtchian, Lilit"]
[Black "Pustovoitova, Daria"]
[Result "1/2-1/2"]
[LiveChessVersion "1.4.4"]
[BlackElo "2434"]
[WhiteElo "2425"]

1. Nf3 {[%clk 0:15:17]} Nf6 {[%clk 0:15:15]} 2. c4 {[%clk 0:15:23]} c6
{[%clk 0:15:16]} 3. g3 {[%clk 0:15:12]} d5 {[%clk 0:15:25]} 4. b3
{[%clk 0:14:57]} d4 {[%clk 0:15:24]} 5. Ba3 {[%clk 0:14:05]} g6 {[%clk 0:15:08]}
6. Bg2 {[%clk 0:14:13]} Bg7 {[%clk 0:15:16]} 7. d3 {[%clk 0:14:10]} O-O
{[%clk 0:15:23]} 8. O-O {[%clk 0:14:18]} Re8 {[%clk 0:15:31]} 9. b4
{[%clk 0:13:55]} e5 {[%clk 0:15:23]} 10. Bb2 {[%clk 0:13:26]} a5 {[%clk 0:14:40]}
11. b5 {[%clk 0:12:50]} cxb5 {[%clk 0:12:25]} 12. cxb5 {[%clk 0:12:57]} a4
{[%clk 0:12:21]} 13. Na3 {[%clk 0:11:25]} Nd5 {[%clk 0:12:27]} 14. Rc1
{[%clk 0:11:20]} Be6 {[%clk 0:12:23]} 15. Nc4 {[%clk 0:11:11]} f6
{[%clk 0:12:27]} 16. Nfd2 {[%clk 0:11:07]} Bf8 {[%clk 0:11:51]} 17. a3
{[%clk 0:08:50]} Nd7 {[%clk 0:11:30]} 18. Ne4 N7b6 {[%clk 0:10:57]} 19. e3
{[%clk 0:07:30]} dxe3 {[%clk 0:10:39]} 20. Nxe3 {[%clk 0:07:37]} Qd7
{[%clk 0:05:46]} 21. Nxd5 {[%clk 0:04:21]} Nxd5 {[%clk 0:05:33]} 22. Qf3
{[%clk 0:04:22]} Be7 {[%clk 0:02:33]} 23. Nc5 {[%clk 0:02:50]} Bxc5
{[%clk 0:01:52]} 24. Rxc5 {[%clk 0:02:58]} Red8 {[%clk 0:01:21]} 25. d4
{[%clk 0:02:20]} b6 {[%clk 0:00:34]} 26. Rc6 {[%clk 0:02:16]} Ne7
{[%clk 0:00:39]} 27. Qxf6 {[%clk 0:02:17]} Nxc6 {[%clk 0:00:38]} 28. Bxc6
{[%clk 0:02:16]} Qf7 {[%clk 0:00:29]} 29. Qxf7+ {[%clk 0:01:09]} Kxf7
{[%clk 0:00:29]} 30. Bxa8 {[%clk 0:01:14]} Rxa8 {[%clk 0:00:37]} 31. dxe5
{[%clk 0:00:26]} Rd8 {[%clk 0:00:45]} 32. Bc3 {[%clk 0:00:23]} Rd3
{[%clk 0:00:43]} 33. Rc1 {[%clk 0:00:27]} Bd7 {[%clk 0:00:44]} 34. f4
{[%clk 0:00:26]} Bxb5 {[%clk 0:00:51]} 35. Bb4 {[%clk 0:00:26]} Ke6
{[%clk 0:00:58]} 36. Kf2 {[%clk 0:00:35]} Kf5 {[%clk 0:01:03]} 37. Re1
{[%clk 0:00:41]} Bc4 {[%clk 0:01:09]} 38. Re3 {[%clk 0:00:23]} Rxe3
{[%clk 0:00:48]} 39. Kxe3 {[%clk 0:00:32]} b5 {[%clk 0:00:51]} 40. Bc5
{[%clk 0:00:35]} h5 {[%clk 0:00:59]} 41. Bb4 {[%clk 0:00:40]} Bf1
{[%clk 0:01:01]} 42. Kf2 {[%clk 0:00:46]} Bc4 {[%clk 0:01:09]} 43. Ke3
{[%clk 0:00:52]} Bf1 {[%clk 0:01:16]} 44. Kf2 {[%clk 0:01:00]} 1/2-1/2

[Event "TeamRussiawomen"]
[Site "?"]
[Date "2016.10.05"]
[Round "1.7"]
[White "Vasilevich, Irina"]
[Black "Nechaeva, Marina"]
[Result "1/2-1/2"]
[LiveChessVersion "1.4.4"]
[BlackElo "2425"]
[WhiteElo "2230"]

1. c4 {[%clk 0:15:18]} c6 {[%clk 0:15:19]} 2. Nf3 {[%clk 0:15:23]} d5
{[%clk 0:15:27]} 3. e3 {[%clk 0:15:32]} Nf6 {[%clk 0:15:35]} 4. Nc3
{[%clk 0:15:36]} e6 {[%clk 0:15:42]} 5. b3 {[%clk 0:15:39]} Bd6 {[%clk 0:15:27]}
6. Qc2 {[%clk 0:15:23]} O-O {[%clk 0:14:59]} 7. Bb2 {[%clk 0:15:20]} e5
{[%clk 0:15:03]} 8. cxd5 {[%clk 0:14:50]} cxd5 {[%clk 0:15:11]} 9. Nb5
{[%clk 0:13:31]} Nc6 {[%clk 0:15:01]} 10. Nxd6 {[%clk 0:13:36]} Qxd6
{[%clk 0:15:09]} 11. Bb5 {[%clk 0:11:02]} e4 {[%clk 0:12:33]} 12. Nd4
{[%clk 0:10:35]} Nb4 {[%clk 0:11:36]} 13. Qb1 {[%clk 0:10:32]} a6
{[%clk 0:10:33]} 14. Be2 {[%clk 0:09:55]} Bg4 {[%clk 0:09:55]} 15. f3
{[%clk 0:07:42]} exf3 {[%clk 0:06:15]} 16. Bxf3 {[%clk 0:07:49]} Bxf3
{[%clk 0:03:51]} 17. Nxf3 {[%clk 0:07:52]} Rac8 {[%clk 0:03:34]} 18. Nd4
{[%clk 0:05:23]} g6 {[%clk 0:03:07]} 19. a3 {[%clk 0:03:28]} Nc6 {[%clk 0:03:16]}
20. O-O {[%clk 0:03:28]} Nxd4 {[%clk 0:02:32]} 21. Bxd4 {[%clk 0:03:33]} Ng4
{[%clk 0:02:40]} 22. g3 {[%clk 0:03:19]} f6 {[%clk 0:02:29]} 23. Bc3
{[%clk 0:02:43]} Rf7 {[%clk 0:02:24]} 24. Qd3 {[%clk 0:02:37]} Qe6
{[%clk 0:02:20]} 25. Rf4 {[%clk 0:02:27]} Ne5 {[%clk 0:02:28]} 26. Qe2
{[%clk 0:02:36]} Nc6 {[%clk 0:02:24]} 27. Raf1 {[%clk 0:01:44]} d4
{[%clk 0:01:58]} 28. Ba1 {[%clk 0:01:19]} Rcf8 {[%clk 0:00:34]} 29. b4
{[%clk 0:01:02]} dxe3 {[%clk 0:00:36]} 30. Qxe3 {[%clk 0:01:03]} Qxe3+
{[%clk 0:00:41]} 31. dxe3 {[%clk 0:01:12]} f5 {[%clk 0:00:26]} 32. Rd1
{[%clk 0:01:13]} Re8 {[%clk 0:00:31]} 33. Rd3 {[%clk 0:00:36]} Rfe7
{[%clk 0:00:38]} 34. Kf2 {[%clk 0:00:34]} Ne5 {[%clk 0:00:45]} 35. Bxe5
{[%clk 0:00:41]} 1/2-1/2

[Event "TeamRussiawomen"]
[Site "?"]
[Date "2016.10.05"]
[Round "1.8"]
[White "Kovanova, Baira"]
[Black "Gvanceladze, Anna"]
[Result "1/2-1/2"]
[LiveChessVersion "1.4.4"]
[BlackElo "2140"]
[WhiteElo "2393"]

1. Nf3 {[%clk 0:15:15]} Nf6 {[%clk 0:15:08]} 2. c4 {[%clk 0:15:23]} e6
{[%clk 0:15:16]} 3. g3 {[%clk 0:15:18]} d5 {[%clk 0:15:08]} 4. Bg2
{[%clk 0:14:15]} Be7 {[%clk 0:15:06]} 5. d4 {[%clk 0:13:42]} O-O {[%clk 0:15:05]}
6. O-O {[%clk 0:13:33]} c6 {[%clk 0:15:03]} 7. Qc2 {[%clk 0:11:39]} Nbd7
{[%clk 0:15:04]} 8. b3 {[%clk 0:11:27]} b6 {[%clk 0:12:31]} 9. Nbd2
{[%clk 0:10:48]} Bb7 {[%clk 0:12:25]} 10. Bb2 {[%clk 0:10:04]} Rc8
{[%clk 0:11:50]} 11. e4 {[%clk 0:09:40]} dxe4 {[%clk 0:11:50]} 12. Nxe4
{[%clk 0:09:44]} Nxe4 {[%clk 0:11:18]} 13. Qxe4 {[%clk 0:09:52]} Nf6
{[%clk 0:11:18]} 14. Qc2 {[%clk 0:08:39]} c5 {[%clk 0:10:16]} 15. dxc5
{[%clk 0:07:20]} Be4 {[%clk 0:09:25]} 16. Qc3 {[%clk 0:06:21]} bxc5
{[%clk 0:08:55]} 17. Rfe1 {[%clk 0:05:56]} Ba8 {[%clk 0:06:56]} 18. Rad1
{[%clk 0:05:46]} Qc7 {[%clk 0:06:41]} 19. Qe5 {[%clk 0:04:47]} Qxe5
{[%clk 0:06:03]} 20. Nxe5 {[%clk 0:04:55]} Bxg2 {[%clk 0:05:26]} 21. Kxg2
{[%clk 0:05:03]} Rfd8 {[%clk 0:05:20]} 22. Rxd8+ {[%clk 0:04:36]} Bxd8
{[%clk 0:04:48]} 23. Rd1 {[%clk 0:04:36]} Bb6 {[%clk 0:04:00]} 24. Ba3
{[%clk 0:04:09]} Kf8 {[%clk 0:03:37]} 25. Nd7+ {[%clk 0:02:48]} Nxd7
{[%clk 0:03:44]} 26. Rxd7 {[%clk 0:02:55]} Ke8 {[%clk 0:03:46]} 27. Rb7
{[%clk 0:02:18]} Rd8 {[%clk 0:03:21]} 28. Bb2 {[%clk 0:02:06]} Rd2
{[%clk 0:02:14]} 29. Bxg7 {[%clk 0:02:14]} Rxa2 {[%clk 0:02:22]} 30. Bf6
{[%clk 0:01:51]} Ra3 {[%clk 0:01:48]} 31. Re7+ {[%clk 0:01:34]} Kf8
{[%clk 0:01:47]} 32. Rb7 {[%clk 0:01:42]} Ke8 {[%clk 0:01:56]} 33. Re7+
{[%clk 0:01:16]} Kf8 {[%clk 0:02:05]} 34. Rb7 {[%clk 0:00:46]} Ke8
{[%clk 0:02:14]} 35. Re7+ {[%clk 0:00:27]} 1/2-1/2

[Event "TeamRussiawomen"]
[Site "?"]
[Date "2016.10.05"]
[Round "1.9"]
[White "Sukhareva, Evgeniya"]
[Black "Galliamova, Alisa"]
[Result "1-0"]
[LiveChessVersion "1.4.4"]
[BlackElo "2428"]
[WhiteElo "2307"]

1. d4 {[%clk 0:15:18]} d5 {[%clk 0:15:18]} 2. Nf3 {[%clk 0:15:26]} Nf6
{[%clk 0:15:26]} 3. c4 {[%clk 0:15:29]} e6 {[%clk 0:15:34]} 4. Bg5
{[%clk 0:15:37]} h6 {[%clk 0:15:42]} 5. Bh4 {[%clk 0:15:31]} Bb4+
{[%clk 0:15:40]} 6. Nc3 {[%clk 0:15:31]} g5 {[%clk 0:15:26]} 7. Bg3
{[%clk 0:15:37]} Ne4 {[%clk 0:15:31]} 8. Qb3 {[%clk 0:14:58]} Nc6
{[%clk 0:15:04]} 9. e3 {[%clk 0:14:32]} h5 {[%clk 0:12:57]} 10. h4
{[%clk 0:06:37]} Bxc3+ {[%clk 0:08:01]} 11. bxc3 {[%clk 0:06:43]} g4
{[%clk 0:08:02]} 12. Ng1 {[%clk 0:05:42]} Nxg3 {[%clk 0:08:00]} 13. fxg3
{[%clk 0:05:51]} Na5 {[%clk 0:05:36]} 14. Qb4 {[%clk 0:04:36]} c6
{[%clk 0:04:51]} 15. Bd3 {[%clk 0:04:29]} b6 {[%clk 0:04:39]} 16. cxd5
{[%clk 0:03:40]} cxd5 {[%clk 0:03:02]} 17. Ne2 {[%clk 0:03:29]} Bb7
{[%clk 0:02:24]} 18. O-O {[%clk 0:03:16]} Qe7 {[%clk 0:02:16]} 19. Qa4+
{[%clk 0:02:19]} Bc6 {[%clk 0:02:02]} 20. Qc2 {[%clk 0:02:06]} f5
{[%clk 0:01:50]} 21. Nf4 {[%clk 0:02:05]} Rh6 {[%clk 0:01:52]} 22. c4
{[%clk 0:01:07]} dxc4 {[%clk 0:01:41]} 23. Bxc4 {[%clk 0:01:15]} Nxc4
{[%clk 0:01:40]} 24. Qxc4 {[%clk 0:01:24]} Qd6 {[%clk 0:01:26]} 25. Rac1
{[%clk 0:01:29]} Rc8 {[%clk 0:01:11]} 26. Rc2 {[%clk 0:01:09]} Bd7
{[%clk 0:01:03]} 27. Qe2 {[%clk 0:01:01]} Rxc2 {[%clk 0:01:05]} 28. Qxc2
{[%clk 0:01:10]} e5 {[%clk 0:00:50]} 29. dxe5 {[%clk 0:01:12]} Qxe5
{[%clk 0:00:59]} 30. Qb3 {[%clk 0:01:15]} Be6 {[%clk 0:00:43]} 31. Qd3
{[%clk 0:01:23]} Qe4 {[%clk 0:00:40]} 32. Qc3 {[%clk 0:01:24]} Kf7
{[%clk 0:00:41]} 33. Qc7+ {[%clk 0:01:25]} Kg8 {[%clk 0:00:50]} 34. Rd1
{[%clk 0:01:26]} Bf7 {[%clk 0:00:56]} 35. Rd8+ {[%clk 0:01:28]} Kg7
{[%clk 0:01:02]} 36. Rd7 {[%clk 0:01:28]} Qe8 {[%clk 0:00:40]} 37. Re7
{[%clk 0:01:33]} Qf8 {[%clk 0:00:27]} 38. Ne6+ {[%clk 0:01:28]} Rxe6
{[%clk 0:00:35]} 39. Rxe6 {[%clk 0:01:38]} Kg8 {[%clk 0:00:38]} 40. Rd6
{[%clk 0:01:41]} Qg7 {[%clk 0:00:44]} 41. Qc8+ {[%clk 0:01:38]} Kh7
{[%clk 0:00:46]} 42. Qxf5+ {[%clk 0:01:46]} Bg6 {[%clk 0:00:49]} 43. Qe6
{[%clk 0:01:50]} Kh6 {[%clk 0:00:54]} 44. Kh2 {[%clk 0:01:42]} b5
{[%clk 0:01:02]} 45. Qd5 {[%clk 0:01:51]} b4 {[%clk 0:01:06]} 46. Rd7
{[%clk 0:01:48]} Qf6 {[%clk 0:01:04]} 47. Rxa7 {[%clk 0:01:44]} Bf5
{[%clk 0:01:02]} 48. Rf7 {[%clk 0:01:50]} Qd8 {[%clk 0:15:10]} 49. Qd1 1-0